000
00278nam a2200109Ia 4500
005
20251222153645.0
008
251222s9999||||xx |||||||||||||| ||spa||
082
_a
REF.032/U61S/T.1
245
4
_a
The Encyclopaedia Britannica:
264
_b
Encyclopaedia Britannica
942
_c
LIB
999
_c
32875
_d
32875